01649njm a2200325Ia 450000100060000000300090000600500170001500800410003204000130007304000130008610000110009910000180011010000380012824500530016625000110021926000110023026000370024130000100027830000290028850000370031750502600035451100570061465000560067170001050072770001130083270000920094570001110103770000950114870000800124323761IT-RoPAU20220918181213.0131025s9999 xx 000 0 und d aIT-RoPAU cIT-RoPAU aAA.VV. eAutore musica gCodice autore musica SPICS: 12000 aFavorite Selections From "Fantasia" (Lp S 72875) a1a ed. aMILANO bCBS ITALIANAc1971 [1a Ed.:1971] aDISCO c56 minuti (Testo: pag.) aColonna sonora. Musica classica. aToccata and Fugue in D Minor (18:00) - Three Dances From "The Nutcracker" [(Trepak, Chinese Dance, Waltz of Flowers) (19:00)] - Dance of the Hours From la Gioconda (11:00) - Night On Bald Mountain (12:00) - Ave Maria [(arrangiata da Arthur Harris) (5:00)] aThe Philadelphia Orchestra diretta da Ormandy Eugene aCOLONNA SONORA [DISCHI]eCodice MATERIA SPICS: 9950 aBach Johann SebastiandCodice autore musica SPICS: 9695eAutore musicapToccata and Fugue in D Minor aCajkovskij Petr LlijchdCodice autore musica SPICS: 10808eAutore musicapThree Dances From "The Nutcracker" aDukas PauldCodice autore musica SPICS: 10666eAutore musicapThe Sorcerer's Apprentice aPonchielli AmilcaredCodice autore musica SPICS: 13061eAutore musicapDance of the Hours From la Gioconda aMusorgskij ModestdCodice autore musica SPICS: 3431eAutore musicapNight On Bald Mountain aSchubert FranzdCodice autore musica SPICS: 10690eAutore musicapAve Maria